000 00756nas a2200265 4500
001 BR0601313
003 BR-BrBNA
005 20231205105916.0
007 ta
008 230509b bl.|||p| |||| 00| 00por d
040 _aBR-BrBNA
_bpor
_cBiblioteca Nacional de Agricultura
041 _a(Pt)
072 _aE70
100 1 _aCardoso, C.E.L.
100 1 _aLeal, M. de S.
245 1 _aAlgumas mudanças na cadeia de mandioca e suas implicações
650 _aMANDIOCA
650 _aOFERTA
650 _aDEMANDA
650 _aAGRIBUSINESS
650 _aCONSUMO
773 0 _tRevista Brasileira de Mandioca (Brazil)
_xISSN 0101-563X
_g(Oct 2005), v. 18(2) p. 33-44
_wBR0601313
909 _a202311
_bLúcia
_c55
_dLúcia Elande
942 _2AGRIS
_n0
_cANA
999 _c185302
_d185302